Edip Şehsuvaroğlu'nun 2.Dünya Svaşı Anıları Adamlı Torpidolar / (Record no. 15291)

MARC details
000 -BAŞLIK
Sabit Uzunlukta Kontrol Alanı 00824nam a22002537a 4500
999 ## - SİSTEM KONTROL NUMARALARI (KOHA)
Koha Biblionumber 15291
Koha Biblioitemnumber 15291
003 - KONTROL NUMARASI IDENTIFIER
Denetim Alanı MIRAKIL
005 - SON İŞLEM TARİHİ VE ZAMANI
Denetim Alanı 20240206145645.0
008 - SABİT-BOY VERİ ELEMANLARI - GENEL BİLGİLER
Sabit Uzunlukta Kontrol Alanı 240206b tu ||||| |||| 00| 0 tur d
020 ## - ULUSLARARASI STANDART KİTAP NUMARASI
Uluslararası Standart Kitap Numarası 9754583587
040 ## - KATALOGLAMA KAYNAK
Orijinal Kataloglama Ajansı TR-AnCHP
Metne Dönüştürmek Ajansı TR-AnCHP
041 ## - DİL KODU
Metin / Ses Parça Veya Ayrı Başlığın Dil Kodu Türkçe
082 ## - DEWEY ONLU SINIFLANDIRMA NUMARASI
Sınıflandırma Numarası 809.933
Ürün Numarası Ş26E 2002
090 ## - SINIFLAMA NUMARASI
Sınıflama Numarası 809.933 Ş26E 2002
100 ## - ANA GİRİŞ - KİŞİSEL İSİM
Kişisel Ad Şarman, Karsu
245 10 - BAŞLIK TABLOSU
Başlık Edip Şehsuvaroğlu'nun 2.Dünya Svaşı Anıları Adamlı Torpidolar /
Başlığın Kalan Kansu Şarman
250 ## - EDITION TABLOSU
Baskı Beyanı 1. bs.
260 ## - YAYIN, DAĞITIM, VB
Yayın, Dağıtım, Vb Yeri İstanbul
Yayıncı, Dağıtıcı, Vs Adı Türkiye İş Bankası Yayınları
Yayın, Dağıtım, Vb Tarihi 2002
300 ## - FİZİKSEL TANIM
Kapsam 144 s
Diğer Fiziksel Ayrıntıları res.
Boyutlar 19 cm.
490 0# - SERİSİ TABLOSU
Seri Beyanı Anı Dizisi :
Hacim / Ardışık Tanımı 17
490 0# - SERİSİ TABLOSU
Seri Beyanı Genel Yayın :
Hacim / Ardışık Tanımı 600
650 #0 - KONU KATMA GİRİŞ - TOPİKAL DÖNEM
9 (RLIN) 5245
Topikal Süreli Veya Coğrafi Ad Giriş Elemanı İkinci Dünya Savaşı
Genel Alt Bölümü Anılar
856 ## - ELEKTRONİK YER VE ERİŞİM
Kamu Notu Dijital Nüshası için Partimizin Kütüphane Sorumlusu ile iletişime geçiniz.
942 ## - EKLENDİ GİRİŞ ELEMANLARI (KOHA)
Sınıflandırma Veya Raf Düzeni Kaynak Dewey Decimal Classification
Koha Öğesi Türü Books
Holdings
Kalıcı Konum Mevcut Konum Edinme Tarihi Toplam Check-Out'Lar Tam Çağrı Numarası Barkod Tarih Son Görülme İtibaren Geçerli Fiyatlar Koha Öğesi Türü
CHP Kütüphanesi CHP Kütüphanesi 02/06/2024   809.933 Ş26E 2002 20880 02/06/2024 02/06/2024 Books